| 000 | 00694nam a2200253 i 4500 | ||
|---|---|---|---|
| 001 | C2-0331521 | ||
| 003 | PPAK | ||
| 005 | 20180728131917.0 | ||
| 008 | 150615s2011 my |||| ||||| | may d | ||
| 020 | _a9789831245965 | ||
| 040 |
_aPPAK _beng _cPPAK _erda |
||
| 082 | 0 | 4 |
_a899.233 _223 |
| 090 | 0 | 0 |
_a899.233 _bMUR _dG |
| 100 | 0 |
_aMurni Aqila, _eauthor |
|
| 245 | 1 | 0 | _aCinta aku seadanya |
| 264 | 1 |
_aShah Alam, Selangor : _bGrup Buku Karangkraf Sdn. Bhd. , _c2011 |
|
| 300 |
_a501 pages ; _c19 cm |
||
| 336 |
_2rdacontent _atext |
||
| 337 |
_2rdamedia _aunmediated |
||
| 338 |
_2rdacarrier _avolume |
||
| 650 | 1 | 0 | _aMalay fiction |
| 700 | 0 |
_aRuzita Awaludin, _eeditor |
|
| 942 |
_ddc _cB |
||
| 999 |
_c130255 _d130255 |
||